Thế thứ các triều vua Việt Nam

Guardat en:
Dades bibliogràfiques
Autor principal: Nguyễn, Khắc Thuần
Format: Llibre
Idioma:Undetermined
Publicat: Hà Nội Giáo dục 2004
Matèries:
Etiquetes: Afegir etiqueta
Sense etiquetes, Sigues el primer a etiquetar aquest registre!
Thư viện lưu trữ: Trung tâm Học liệu Trường Đại học Cần Thơ
LEADER 00584nam a2200205Ia 4500
001 CTU_64260
008 210402s9999 xx 000 0 und d
020 |b 10000 
082 |a 959.7 
082 |b Th502 
100 |a Nguyễn, Khắc Thuần 
245 0 |a Thế thứ các triều vua Việt Nam 
245 0 |c Nguyễn Khắc Thuần 
260 |a Hà Nội 
260 |b Giáo dục 
260 |c 2004 
650 |a Vietnam,Lịch sử Việt Nam 
650 |x History 
910 |a Năm 
980 |a Trung tâm Học liệu Trường Đại học Cần Thơ